000 00836nam a2200229Ii 4500
003 JO-AjNU
008 230605s9999||||xx |||||||||||||| ||und||
017 _a2018/7/4366
020 _a978-9957-92-198-9
040 _aJO-AjNU
_bara
_erda
_cJO-AjNU
041 _aara
050 1 4 _aHQ755.85.A283 2019
100 3 _aابو عطية، سهام درويش,
_eauthor
_963358
245 0 0 _aالارشاد الزواجي والاسري: مفاهيم ونظريات ومهارات = Family and Marital Counseling: Concepts, Theories and Skills
250 _aط1
264 3 1 _aعمان: دار الفكر ناشرون وموزعون، 2019
300 _a991ص
336 _atext
_btxt
_2rdacontent
337 _aunmediated
_bn
_2rdamedia
338 _avolume
_bnc
_2rdacarrier
650 4 _aالاسرة-الارشاد النفسي
_963359
999 _aA28734
_c32302
_d32302